[Event "Washington State Invitational"]
[Site "Seattle"]
[Date "2008.02.09"]
[Round "2"]
[White "Kelley, Dereque D"]
[Black "Calpo, Benjamin V"]
[Result "1-0"]
[WhiteElo "2035"]
[BlackElo "2018"]
[PlyCount "103"]
[EventDate "2008.02.09"]
[EventType "tourn"]
[EventRounds "9"]
[EventCountry "USA"]
[SourceTitle "EXT 2017"]
[Source "ChessBase"]
[SourceDate "2016.10.25"]
[SourceVersion "1"]
[SourceVersionDate "2016.10.25"]
[SourceQuality "1"]

1. Nf3 c5 2. c4 Nc6 3. Nc3 Nf6 4. d4 cxd4 5. Nxd4 g6 6. g3 Bg7 7. Bg2 0-0 8. 0-0 Qb6 9. Nb3 d6 10. Nd5 Nxd5 11. cxd5 Ne5 12. Be3 Qa6 13. Bd4 Bd7 14. f4 Ng4 15. Bxg7 Kxg7 16. Qd4+ Nf6 17. e4 Qb6 18. e5 Ne8 19. e6+ Qxd4+ 20. Nxd4 fxe6 21. dxe6 Bc6 22. Bxc6 bxc6 23. Nxc6 Kf6 24. g4 Kxe6 25. Rae1+ Kd7 26. Nxe7 Nf6 27. g5 Nh5 28. Nd5 Rf7 29. Re4 Re8 30. Rfe1 Rxe4 31. Rxe4 Kc6 32. Nb4+ Kc5 33. Kg2 a5 34. Nd3+ Kd5 35. Kf3 Ng7 36. Ra4 Rb7 37. Rxa5+ Kc4 38. Ra3 Nf5 39. Rc3+ Kd4 40. a3 Re7 41. Nb4 Re6 42. Nc2+ Kd5 43. Ne3+ Kd4 44. Nxf5+ gxf5 45. Rc7 Re3+ 46. Kf2 Rb3 47. Rxh7 Ke4 48. g6 Rxb2+ 49. Kg3 Rb3+ 50. Kh4 Rb2 51. Kg5 Rg2+ 52. Kf6 1-0

[Event "Washington Challengers Cup"]
[Site "Tacoma"]
[Date "2007.12.29"]
[Round "1"]
[White "Calpo, Benjamin V"]
[Black "Warrier, Krishnan"]
[Result "1/2-1/2"]
[WhiteElo "2067"]
[BlackElo "1693"]
[PlyCount "93"]
[EventDate "2007.12.28"]
[EventType "swiss"]
[EventRounds "4"]
[EventCountry "USA"]
[SourceTitle "EXT 2017"]
[Source "ChessBase"]
[SourceDate "2016.10.25"]
[SourceVersion "1"]
[SourceVersionDate "2016.10.25"]
[SourceQuality "1"]

1. e4 c5 2. Nf3 e6 3. d4 cxd4 4. Nxd4 Nf6 5. Bd3 Nc6 6. c3 Qc7 7. 0-0 Be7 8. Kh1 d5 9. Nd2 e5 10. Nb5 Qb8 11. exd5 Nxd5 12. Bc4 Nf6 13. b4 a6 14. Na3 b5 15. Bb3 0-0 16. Qe2 Bf5 17. f3 Rd8 18. Ne4 a5 19. bxa5 Nxa5 20. Bc2 Be6 21. Rd1 Rxd1+ 22. Qxd1 Nd5 23. Qd3 b4 24. Ng5 g6 25. Nxe6 fxe6 26. c4 Nf4 27. Bxf4 exf4 28. Nb5 Qe5 29. Rb1 Rd8 30. Qe4 Qxe4 31. fxe4 Rd2 32. Bd1 Rxa2 33. h4 Kg7 34. e5 Nxc4 35. Bb3 Rb2 36. Rxb2 Nxb2 37. Nd4 Nd3 38. Nxe6+ Kh6 39. Bc2 Nxe5 40. Nxf4 Bxh4 41. Kh2 Be7 42. Kh3 Kg5 43. g3 Nc4 44. Nd5 Bc5 45. Kg2 Nd2 46. Bd3 Kh6 47. Nf6 1/2-1/2

[Event "Washington Class-ch Master"]
[Site "Seattle"]
[Date "2007.11.23"]
[Round "2"]
[White "Cheng, Bindi"]
[Black "Calpo, Benjamin V"]
[Result "1-0"]
[WhiteElo "2307"]
[BlackElo "2004"]
[PlyCount "120"]
[EventDate "2007.11.23"]
[EventType "swiss"]
[EventRounds "6"]
[EventCountry "USA"]
[SourceTitle "EXT 2017"]
[Source "ChessBase"]
[SourceDate "2016.10.25"]
[SourceVersion "1"]
[SourceVersionDate "2016.10.25"]
[SourceQuality "1"]

1. Nf3 Nf6 2. c4 c5 3. Nc3 Nc6 4. e3 g6 5. d4 Bg7 6. d5 Nb4 7. a3 Na6 8. e4 d6 9. h3 0-0 10. Bd3 Nc7 11. 0-0 a6 12. Re1 Nh5 13. a4 a5 14. g4 Nf6 15. Bf1 Ra6 16. Bg5 Rb6 17. Nb5 h6 18. Bd2 Ra6 19. Qc1 h5 20. g5 Nd7 21. Bc3 e5 22. Qd2 Ne8 23. Nh4 Kh7 24. Bd3 Nb6 25. Kh2 Nd7 26. Rg1 Rh8 27. Raf1 Kg8 28. Rg3 Rh7 29. Kh1 Nf8 30. Re1 Bd7 31. f4 exf4 32. Qxf4 Bxc3 33. Nxc3 Rb6 34. Nb5 Rg7 35. Nf3 h4 36. Nxh4 Rh7 37. Kg2 Ng7 38. Be2 Bc8 39. Rf1 Qe7 40. Re3 Nd7 41. Nf5 gxf5 42. exf5 Ne5 43. f6 Qf8 44. fxg7 Qxg7 45. Qf6 Qf8 46. Rf4 Bd7 47. Rfe4 Ra6 48. h4 Bxb5 49. axb5 Ra8 50. h5 Rg7 51. Rg3 Re8 52. Bg4 Nd7 53. Rxe8 Qxe8 54. Bxd7 Qe2+ 55. Qf2 Qxc4 56. Qf3 Qd4 57. Kh3 Qxb2 58. h6 Rh7 59. Qe3 Qe5 60. Qxe5 dxe5 1-0